Estudio de tecnología metro Ethernet MPLS para soporte integración de servicios

Presenta una propuesta de solución técnica con enfoque académico basado en el diseño de backbone MPLS, Multi Protocol Label Switching como tecnología de transporte en una red de tipo metro Ethernet que permitirá mejorar el uso de los recursos como ancho de banda y velocidad de transmisión de...

Full description

Bibliographic Details
Main Authors: Cáceres Alvarado, Laura Marianne, Obregón Moreno, José Luis
Other Authors: Tutor: Hernández García, Enrique José
Format: Tesis Section = Libro
Language:Undetermined
Spanish
Published: Managua UNI 2012
Subjects:
LEADER 01103nam a2200241Ia 4500
008 240830s9999 xx 000 0 und d
040 |a BIBLIOTECA-RUSB/ T.Mon 004.68 C118 
041 |a spa 
082 |a T.Mon 004.68 C118 
100 1 |a Cáceres Alvarado, Laura Marianne 
100 1 |b  Obregón Moreno, José Luis 
245 1 0 |a Estudio de tecnología metro Ethernet MPLS para soporte integración de servicios 
260 |a Managua  |b UNI  |c 2012 
300 |a 83 p. :il. 
502 |a Tesis (Ingeniero en Computación) - UNI, 2012. 
520 3 |a Presenta una propuesta de solución técnica con enfoque académico basado en el diseño de backbone MPLS, Multi Protocol Label Switching como tecnología de transporte en una red de tipo metro Ethernet que permitirá mejorar el uso de los recursos como ancho de banda y velocidad de transmisión de datos. 
650 7 |a REDES LOCALES DE ALTA VELOCIDAD 
650 7 |b  REDES DE COMPUTADORAS 
650 7 |c  SISTEMA DE TRANSMICION DE DATOS 
700 1 |a Tutor:  |b Hernández García, Enrique José 
942 |c BK  |2 ddc 
991 |a TESIS 
999 |c 21584